000 00609nam a2200229Ia 4500
003 OSt
005 20220924123343.0
006 a|||||r|||| 00| 0
007 ta
008 220923b |||||||| |||| 00| 0 fre d
024 _a144908
037 _cTextual
040 _aARTS
_cARTS
_bfre
041 _2fre
_afre
082 _aY1761, 122G0(906)
100 _aBosch P .Fr
_9192516
245 0 _aBanyamwezi
_b Peuple del'Africque orientale
260 _aNA
_bNA
_c1930
650 _aSOCIOLOGY
942 _hY1761, 122G0(906)
_cTEXL
_2CC
999 _c415392
_d415392